000 01048nam a2200253Ia 4500
003 OSt
005 20221005111755.0
006 a|||||r|||| 00| 0
007 ta
008 221004b |||||||| |||| 00| 0 san d
024 _a32625
037 _cTextual
040 _aCRL
_cCRL
_bsan
041 _2san
_asan
082 _aO15,3N01,1x, 152M1
100 _aव्यास, अम्बिकादत्त
245 0 _aशिवराज-विजयः प्रथमो निश्वासः ऐतिहासिक उपन्यास व्याख्याकार रणजीत शर्मा
246 _aShivarāja-vijayah prathamo nishvāsah aitihāsik upanyās vyākhyākār raṇajīt sharmā
260 _aमेरठ
_bज्ञान प्रकाशन
_c1981
300 _a110पृ.
_ccm.
650 _aसंस्कृत साहित्य
942 _hO15,3N01,1x, 152M1
_cTEXL
_2cc
999 _c1022853
_d1022853